00847nam a2200169Ia 4500008004100000082002300041100004300064245012400107260002400231300001100255502005600266650004100322952009700363952010000460952010000560999001700660120622s9999 xx 000 0 und d aT 352.63 J61e 2000 aJiménez Arellanes, Elvira Altagracia aLa estabilidad relativa de los trabajadores de confianza al servicio del estado / Elvira Altagracia Jiménez Arellanes aMéxico : El autor a112 h. aTESIS (Lic. en derecho). -- Universidad Insurgentes a1. FUNCIONARIOS PUBLICOS - MEXICOÌ 00104070a01b01d2007-01-25l0oT 352.63 J61E 2000p01 005322r2012-06-24w2012-06-24yLB 00104070a01b01d2007-01-25l0oT 352.63 J61E 2000p01 005323r2012-06-24t2w2012-06-24yLB 00104070a01b01d2007-01-25l0oT 352.63 J61E 2000p01 005324r2012-06-24t3w2012-06-24yLB c55623d55623